000 004220000a22001690004500
003 MACL
005 20160106152144.0
008 160106b xxu||||| |||| 00| 0 eng d
040 _aMACL
_cMACL
041 _aEnglish
082 _a900/HAM
100 _aHammerton, J A
_928802
245 _aUniversal History of the World
260 _bThe Educational Book Co Ltd
650 _aHistory
_928803
942 _cBK
_k900/HAM
_2ddc
999 _c37328
_d37328